| 000 | 02152cam0 2200493 ib4500 | ||
|---|---|---|---|
| 001 | BY-BR0006-br123368 | ||
| 005 | 20260311134529.0 | ||
| 010 | ^a978-985-575-705-5 | ||
| 035 | ^a(BY-MI0006)BY-BR0006-br123368 | ||
| 035 | ^a(BY-MI0001)BY-BR0006-br123368 | ||
| 035 | ^a(BY-MI0013)BY-BR0006-br123368 | ||
| 035 | ^a(BY-MI0003)BY-BR0006-br123368 | ||
| 035 | ^a(BY-MI0000)BY-BR0006-br123368 | ||
| 100 | ^a20251220d2025 bc y0rusy50 ca | ||
| 101 | 0 | ^arus | |
| 102 | ^aBY | ||
| 105 | ^aa z 000gy | ||
| 109 | ^ama | ||
| 200 | 1 |
^aАзбука безопасности в стихах и загадках ^eдля дошкольного и младшего школьного возраста ^fМихаил Поздняков ^gхудожник Екатерина Плотникова |
|
| 210 |
^aМинск ^cЗвязда ^d2026 |
||
| 215 |
^a44, [4] с. ^cил. ^d22 см |
||
| 333 | ^a6+ | ||
| 345 | ^91500 экз. | ||
| 606 |
^aЗАГАДКИ (фольклор, лит.) ^3BY-NLB-ar13679840 ^2DVNLB |
||
| 606 |
^aБЕЛОРУССКАЯ ЛИТЕРАТУРА ^3BY-NLB-ar3723 ^2DVNLB |
||
| 606 |
^aДЕТСКАЯ И ЮНОШЕСКАЯ ЛИТЕРАТУРА ^3BY-NLB-ar2691728 ^2DVNLB |
||
| 608 |
^aСТИХОТВОРЕНИЕ ^3BY-NLB-ar32087 ^2BYGNR |
||
| 608 |
^aЗАГАДКА ^3BY-NLB-ar10571 ^2BYGNR |
||
| 608 |
^aДЕТСКАЯ И ЮНОШЕСКАЯ ЛИТЕРАТУРА (художеств. произведение) ^3BY-NLB-ar9019 ^2BYGNR |
||
| 615 |
^aБелорусский национальный документ ^3BY-SEK-ar1826174 |
||
| 686 |
^a84(4Беи)-5 ^2rubbk |
||
| 690 |
^a1 ^2Base ^9BY-MI0000 ^xRSEK |
||
| 700 | 1 |
^aПоздняков ^bМ. П. ^3BY-SEK-496902 |
|
| 702 | 1 |
^aПлотникова ^bЕ. ^gЕкатерина ^3BY-SEK-ar14093183 ^4440 |
|
| 801 | 0 |
^aBY ^bBY-BR0006 ^c20251222 ^gRCR |
|
| 801 | 2 |
^aBY ^bBY-MI0001 ^c20251223 ^gRCR |
|
| 801 | 2 |
^aBY ^bBY-MI0013 ^c20251231 ^gRCR |
|
| 801 | 2 |
^aBY ^bBY-MI0003 ^c20260126 ^gRCR |
|
| 801 | 2 |
^aBY ^bBY-MI0006 ^c20260210 ^gRCR |
|
| 801 | 2 |
^aBY ^bBY-MI0000 ^c20260219 ^gRCR |
|
| 899 | 0 |
^aBY-MI0000 ^iП47 ^h84(4Беи) |
|